000 00392nam a22001577a 4500
003 OSt
005 20260324105346.0
008 260324b |||||||| |||| 00| 0 eng d
020 _a9789354667640
040 _cIIMT UNIVERSITY MEERUT
100 _aAmrita Parle
245 _aViva Voce in Pharmaceutical Chemistry
260 _aNEW DELHI
_bCBS PUBLISHERS
300 _a192
942 _2ddc
_c01
999 _c67475
_d67475